|
|
|
|
| LEADER |
00000nab a2200000uu 4500 |
| 001 |
vtls010914854 |
| 003 |
SK-MaSNL |
| 005 |
20260304023512.0 |
| 008 |
230222|1960 xo |||||||||||||||||slo| |
| 015 |
|
|
|a SNBRB
|
| 035 |
|
|
|a (urnnbn)urn:nbn:sk:snk:ar-a09cs5
|
| 035 |
|
|
|a (uuid)ae83f942-e717-4a90-a662-98a865c15e7b
|
| 035 |
|
|
|a urn:nbn:sk:snk-ab93a1
|
| 040 |
|
|
|a SNKBUCL
|b slo
|c SNKBUCL
|e AACR2
|
| 041 |
0 |
|
|a slo
|
| 044 |
|
|
|a xo
|c SK
|
| 100 |
1 |
|
|a Mittelmann-Dedinský, Móric,
|d 1914-1989
|4 aut
|9 104877
|
| 245 |
1 |
0 |
|a Bratislavské réžie Viktora Šulca
|c M. M. Dedinský
|
| 600 |
1 |
7 |
|a Šulc, Viktor,
|d 1897-1945
|2 snkbucl
|9 255115
|
| 655 |
|
7 |
|a články z novín a časopisov
|2 snkbucl
|9 267496
|
| 773 |
0 |
|
|t Slovenské divadlo : revue dramatických umení
|g Roč. 8, č. 3 (1960), s. 318-330
|
| 850 |
|
|
|a Slovenská národná knižnica
|
| 852 |
|
|
|a Slovenská národná knižnica
|
| 954 |
|
|
|a odborná, vedecká literatúra pôvodná (slovenská)
|2 lita
|
| 958 |
|
|
|a OND
|
| 958 |
|
|
|a EUIPO
|
| 958 |
|
|
|a article10
|
| 999 |
|
|
|c 2616821
|d 2618751
|